Leaders of Europe During World War II - Statistics

General Stats
  • This quiz has been taken 31 times
  • The average score is 9 of 32
Answers on the Map
Answers color-coded by a green-red scale on the quiz's map according to % correct below.
 
Answer Stats
Country Leader % Correct
Germany Adolf Hitler
100%
Germany Adolf Hitler
100%
Italy Benito Mussolini
93%
Soviet Union Joseph Stalin
93%
Spain Francisco Franco
86%
Yugoslavia Josip Broz Tito
71%
France Charles de Gaulle
61%
Greece George II
46%
United Kingdom George VI
46%
Portugal Antonio de Oliveira Salazar
21%
Czechoslovakia Edvard Benes
21%
Finland Carl Gustaf Emil Mannerheim
18%
Vatican City Pope Pius XII
18%
Denmark Christian X
14%
Belgium Leopold III
14%
Netherlands Anton Mussert
11%
Andorra Boris I
11%
Bulgaria Boris III
11%
Liechtenstein Franz Joseph II
11%
Romania Ion Antonescu
11%
Norway Haakon
7%
Sweden Gustaf V
4%
Luxembourg Charlotte
0%
Austria Franz Josef
0%
San Marino Giuliano Gozi
0%
Switzerland Henri Guisan
0%
Iceland Hermann Jonasson Einer Arnalds
0%
Ireland John Mcquaid
0%
Hungary Laszlo Bardossy
0%
Monaco Louis II
0%
Albania Mehdi Frasheri
0%
Poland Wladyslaw Raczkiewicz
0%
No matching quizzes found
Score Distribution
Percent of People with Each Score
Percentile by Number Answered
Your Score History
You have not taken this quiz